000 00434nam a2200157Ia 4500
003 GCL
008 140319s9999 xx 000 0 eng d
040 _aGCL /
_cGCL
082 0 4 _a629.2
_bR T
100 1 _aRENDALL, IRAN
245 1 0 _aTHE POWER AND THE GLORY A CENTURY OF MOTORRACING /
_cRENDALL, IRAN
260 _a[S.N] :
_bB B C BOOKS AND LONGMAN GROUP ،
_c1991
650 0 4 _aMOTORS
650 0 4 _aMOTOR - CARS
942 _2ddc
_cBK
999 _c10205
_d10205